|
|
|
|
| LEADER |
00000cam a2200000 7i4500 |
| 001 |
0000002542 |
| 005 |
20031121.0 |
| 020 |
0 |
0 |
|a 9839269186
|
| 090 |
0 |
0 |
|a JPSM634.9209595
|b FOR 2002
|
| 245 |
0 |
0 |
|a FOREST plantation for the future :
|b a record of the multi-storied forest management project in Malaysia and the small scale fast-growing plantation project in Malaysia
|c edited by Nik Mohd Shah bin Nik Mustafa ... (et al.)
|
| 260 |
0 |
0 |
|a Kuala Lumpur :
|b Forestry Department Peninsular Malaysia ,
|c 2002
|
| 300 |
|
|
|a x, 178 p. :
|b col. ill. ;
|c 26 cm.
|
| 500 |
0 |
0 |
|a Includes bibliographical references
|
| 650 |
0 |
0 |
|a Forest management
|z Malaysia
|
| 650 |
0 |
0 |
|a Tree farms
|z Malaysia
|
| 700 |
0 |
1 |
|a Nik Mohd Shah bin Nik Mustafa
|
| 710 |
1 |
1 |
|a Forestry Department ,
|c Perak
|
| 710 |
1 |
1 |
|a Japan International Cooperation Agency (JICA)
|
| 998 |
|
|
|a JPSM
|
| 999 |
|
|
|a 0000004814
|b Monograph
|c Open Shelf
|e Default branch
|
| 999 |
|
|
|a 0000004815
|b Monograph
|c Open Shelf
|e Default branch
|
| 999 |
|
|
|a 0000004816
|b Monograph
|c Open Shelf
|e Default branch
|
| 999 |
|
|
|a 0000004817
|b Monograph
|c Open Shelf
|e Default branch
|
| 999 |
|
|
|a 0000004933
|b Monograph
|c Reference
|e Default branch
|